000 00322nam a2200157Ia 4500
100 _aCowart/Robert
250 _a2
942 _cBK
654 _aComputer
245 _aMastering Windows 95
260 _bB.P.B.
_aNew Delhi
_c1995
082 _a005.43WIN95
_bCOW
300 _a1156
546 _aENGLISH
999 _c25419
_d25419